[Event "KUW-ch"]
[Site "Kuwait"]
[Date "2022.01.08"]
[Round "9"]
[White "Alruwayeh, Talal"]
[Black "Alqattan, Hasan"]
[Result "0-1"]
[WhiteElo "1459"]
[BlackElo "1136"]
[PlyCount "67"]
[EventDate "2022.01.03"]
[EventType "swiss"]
[EventRounds "9"]
[EventCountry "KUW"]
[SourceTitle "CBM 206 Extra"]
[Source "ChessBase"]
[SourceDate "2022.03.31"]
[SourceVersion "1"]
[SourceVersionDate "2022.03.31"]
[SourceQuality "1"]

1. e4 Nf6 2. e5 Nd5 3. d4 d6 4. Bb5+ c6 5. c4 Nc7 6. Ba4 dxe5 7. dxe5 Qxd1+ 8. Bxd1 Bf5 9. g4 Be6 10. b3 Nd7 11. f4 f5 12. g5 0-0-0 13. Be3 Kb8 14. Nf3 Bf7 15. Nbd2 g6 16. b4 Nb6 17. Bb3 e6 18. a3 Be7 19. Ke2 Rc8 20. Nd4 Rhd8 21. Rhc1 Nd7 22. c5 Nd5 23. Bxd5 cxd5 24. N2b3 Nf8 25. Rc2 Be8 26. a4 Ka8 27. b5 Rc7 28. a5 h6 29. b6 Rcc8 30. Rcc1 Bc6 31. Kf2 Rd7 32. h4 Bd8 33. h5 gxh5 34. Nf3 0-1

[Event "KUW-ch"]
[Site "Kuwait"]
[Date "2022.01.07"]
[Round "7"]
[White "Alqattan, Hasan"]
[Black "Hussain, Hashem"]
[Result "1/2-1/2"]
[WhiteElo "1136"]
[BlackElo "1702"]
[PlyCount "72"]
[EventDate "2022.01.03"]
[EventType "swiss"]
[EventRounds "9"]
[EventCountry "KUW"]
[SourceTitle "CBM 206 Extra"]
[Source "ChessBase"]
[SourceDate "2022.03.31"]
[SourceVersion "1"]
[SourceVersionDate "2022.03.31"]
[SourceQuality "1"]

1. c4 e5 2. g3 Nc6 3. Bg2 f5 4. e3 Nf6 5. Ne2 d5 6. cxd5 Nxd5 7. a3 Be6 8. Nbc3 Be7 9. 0-0 0-0 10. d4 e4 11. Nxd5 Bxd5 12. Bd2 Bf6 13. b4 Kh8 14. b5 Ne7 15. Qc2 a6 16. a4 axb5 17. axb5 Qd7 18. Nc3 Bc4 19. Rxa8 Rxa8 20. Rc1 Nc8 21. Nxe4 Bxb5 22. Nxf6 gxf6 23. Bxb7 Rb8 24. Bc6 Qe6 25. Bxb5 Rxb5 26. Qxc7 Nd6 27. Ra1 Nf7 28. Ra8+ Kg7 29. Qc8 Rb1+ 30. Bc1 Qe4 31. Qg8+ Kh6 32. Rc8 Ng5 33. h4 Nf3+ 34. Kf1 Nh2+ 35. Kg1 Nf3+ 36. Kf1 Nh2+ 1/2-1/2